Psychology : (Record no. 101735)
[ view plain ]
| 000 -LEADER | |
|---|---|
| fixed length control field | 00796nam a2200277 a 4500 |
| 008 - FIXED-LENGTH DATA ELEMENTS--GENERAL INFORMATION | |
| fixed length control field | |
| 020 ## - INTERNATIONAL STANDARD BOOK NUMBER | |
| International Standard Book Number | 0340776897 (pbk.) |
| 049 ## - LOCAL HOLDINGS (OCLC) | |
| Holding library | MAIN |
| 090 0# - LOCALLY ASSIGNED LC-TYPE CALL NUMBER (OCLC); LOCAL CALL NUMBER (RLIN) | |
| Classification number (OCLC) (R) ; Classification number, CALL (RLIN) (NR) | BF121 |
| Local cutter number (OCLC) ; Book number/undivided call number, CALL (RLIN) | GRO |
| 003 - CONTROL NUMBER IDENTIFIER | |
| control field | |
| 005 - DATE AND TIME OF LATEST TRANSACTION | |
| control field | 20230120193602.0 |
| 040 ## - CATALOGING SOURCE | |
| Transcribing agency | NUST |
| 100 ## - MAIN ENTRY--PERSONAL NAME | |
| Personal name | Gross, Richard. |
| 245 00 - TITLE STATEMENT | |
| Title | Psychology : |
| Remainder of title | A new introduction for A level/ |
| Statement of responsibility, etc. | Richard Gross et..al.. |
| 250 ## - EDITION STATEMENT | |
| Edition statement | 2nd ed. |
| 260 ## - PUBLICATION, DISTRIBUTION, ETC. | |
| Place of publication, distribution, etc. | London : |
| Name of publisher, distributor, etc. | Houghton Mifflin Co., |
| Date of publication, distribution, etc. | c2004. |
| 300 ## - PHYSICAL DESCRIPTION | |
| Extent | xvi, 928 p. : |
| Other physical details | ill. ; |
| Dimensions | 27 cm. |
| 500 ## - GENERAL NOTE | |
| General note | Includes indexes. |
| 504 ## - BIBLIOGRAPHY, ETC. NOTE | |
| Bibliography, etc. note | Includes bibliographical references. |
| 650 #0 - SUBJECT ADDED ENTRY--TOPICAL TERM | |
| Topical term or geographic name entry element | Psychology. |
| 700 1# - ADDED ENTRY--PERSONAL NAME | |
| Personal name | Mcellveen, Rob. |
| 700 ## - ADDED ENTRY--PERSONAL NAME | |
| Personal name | Russell, Julia. |
| 700 ## - ADDED ENTRY--PERSONAL NAME | |
| Personal name | Coolican, Hugh. |
| 907 ## - LOCAL DATA ELEMENT G, LDG (RLIN) | |
| a | .b10188824 |
| b | 08-04-13 |
| c | 31-01-06 |
| 942 ## - ADDED ENTRY ELEMENTS (KOHA) | |
| Koha item type | Ordinary Loan Books |
| Call number prefix | BF121 |
| Call number suffix | GRO |
| Date last seen | Total Checkouts | Full call number | Barcode | Cost, replacement price | Price effective from | Koha item type | Lost status | Source of classification or shelving scheme | Damaged status | Not for loan | Collection | Withdrawn status | Home library | Current library | Shelving location | Date acquired | Cost, normal purchase price |
|---|---|---|---|---|---|---|---|---|---|---|---|---|---|---|---|---|---|
| 01/20/2023 | 52 | BF121 GRO | 92003024425 | 80.00 | 01/20/2023 | BOOKS | LCC | NFIC | MAIN | MAIN | GEN | 01/20/2023 | 80.00 |